| 000 | 00956nas a22002297a 4500 | ||
|---|---|---|---|
| 005 | 20260529151433.0 | ||
| 008 | 260529b19962001pormr|p| |||| 00| z por d | ||
| 040 | _cBR-ViAPE | ||
| 245 | _aRevista de Burarama | ||
| 260 |
_aDistrito de Burarama (Cachoeiro de Itapemirim) _bAMDB - Associação dos Moradores do Distrito de Burarama _c1996-2001 |
||
| 300 |
_av. _bil. |
||
| 310 | _aMensal | ||
| 362 | _aAno 1, n. 12 (jul. 1996) - ano 7, n. 76 (nov. 2001). | ||
| 500 | _aDisponibilizada apenas a imagem da capa na versão digital, em virtude de restrições de direitos autorais. | ||
| 500 | _aColeção incompleta: disponíveis apenas alguns números do periódico. | ||
| 650 |
_aAssociação Moradores _xSocial _xMemórias _zEspírito Santo |
||
| 651 |
_aEspírito Santo (Brasil) _vPeriódicos |
||
| 700 |
_aGrillo, José Marcelo _eDiretor |
||
| 710 | _aAMDB - Associação dos Moradores do Distrito de Burarama | ||
| 942 |
_2ddc _cPER _n1 |
||
| 999 |
_c734 _d734 |
||